San Vicente Férrer (Record no. 129097)

MARC details
000 -LEADER
campo de control de longitud fija 00676nam a2200181 i 4500
001 - NÚMERO DE CONTROL
campo de control 129097
003 - IDENTIFICADOR DE NÚMERO DE CONTROL
campo de control ES-MaACL
007 - CAMPO FIJO DE DESCRIPCIÓN FÍSICA--INFORMACIÓN GENERAL
campo de control de longitud fija t|
008 - DATOS DE LONGITUD FIJA--INFORMACIÓN GENERAL
campo de control de longitud fija 070605s1945 sp ||||1| spa d
080 ## - NÚMERO DE LA CLASIFICACIÓN DECIMAL UNIVERSAL
Número de la Clasificación Decimal Universal 378.4(467.31 V.)
100 1# - ENTRADA PRINCIPAL--NOMBRE DE PERSONA
Nombre de persona Teixidor, José.
9 (RLIN) 109543
245 10 - MENCIÓN DEL TÍTULO
Título San Vicente Férrer
Resto del título : promotor y causa /
Mención de responsabilidad, etc. José Teixidor ; introducción y notas por F. Suárez Verdeguer.
260 ## - PUBLICACIÓN, DISTRIBUCIÓN, ETC.
Lugar de publicación, distribución, etc. Madrid :
Nombre del editor, distribuidor, etc. [s.n.],
Fecha de publicación, distribución, etc. 1945 (
Fabricante La Semana Gráfica)
300 ## - DESCRIPCIÓN FÍSICA
Extensión XLIX, 67 p. ;
Dimensiones 20 cm.
500 ## - NOTA GENERAL
Nota general Consejo Superior de Investigaciones Científicas. Escuela de Estudios Medievales. Sección de Valencia.
700 1# - ENTRADA AGREGADA--NOMBRE PERSONAL
Nombre de persona Suárez, Federico.
9 (RLIN) 108558
852 ## - LOCALIZACIÓN
Ubicación ES-MaACL
Número de control de estantería B-19570
Sublocalización o colección R.22153
Holdings
Estatus retirado Estado de pérdida Estado de daño No para préstamo Biblioteca de origen Biblioteca actual Ubicación en estantería Fecha de adquisición Fuente de adquisición Total de préstamos Signatura topográfica completa Código de barras Visto por última vez Precio de reemplazo Tipo de ítem Koha
        Biblioteca del Ateneo de Madrid Biblioteca del Ateneo de Madrid Sala Pardo Bazán 17/01/2008     B-19570 1134438 23/02/2023 23/02/2023 Libro impreso